Normal view
MARC view
- Erdoğdu, Nurhan O.
Entry Personal Name
001 - CONTROL NUMBER
- control field: 136589
003 - CONTROL NUMBER IDENTIFIER
- control field: TR-AnTOB
005 - DATE AND TIME OF LATEST TRANSACTION
- control field: 20220411115649.0
008 - FIXED-LENGTH DATA ELEMENTS
- fixed length control field: 220411nneazannaabn n aaa d
040 ## - CATALOGING SOURCE
- Original cataloging agency: TR-AnTOB
- Language of cataloging: eng
- Description conventions: rda
- Transcribing agency: TR-AnTOB
100 ## - HEADING--PERSONAL NAME
- Personal name: Erdoğdu, Nurhan O.



